Дело по представлению начальника Симбирской губернии об утверждении новых правил Симбирского собрания

Доступно только в Электронных читальных залах Найти на картеНа карте
RUSMARC
00003703nmc2a22000003x 450
001af30d02a-70ba-46e7-a3c1-29282f9dfa2d
00520210322191950.0
100##$a20181224l18701870k l0rusy0189 ca
1010#$arus
102##$aRU
2001#$aДело по представлению начальника Симбирской губернии об утверждении новых правил Симбирского собрания
$j24 марта - 16 мая 1870 г.
251##$cДело
300##$aДело
801#0$aRU
$bРГИА
$c20181224
$gRCR
801#1$aRU
$bГлавНИВЦ
$c20181224
$2rusmarc
801#2$aRU
$bПБ им. Б.Н. Ельцина
$c20210322
$gRCR
$2rusmarc
850##$aРГИА
852##$aРГИА
$eФедеральное казенное учреждение "Российский государственный исторический архив" (РГИА)
$j402
937##$hРГИА
$d12304567
$aASBIBLIO_SCAN
462#0$100125431af0-b982-4249-a4b8-b91b19467e6e
$12001
$aДела Департамента полиции исполнительной МВД за 1870 год
$1251
$cОпись
$1852
$j31
$l1870 г.
461#0$10013e300ed0-cd39-49af-8489-5ba5b90fa401
$12001
$aДепартамент полиции исполнительной МВД
$1251
$cФонд
$1852
$j1286
215##$a16 л.
$d36,5х26 см
371##$aДокумент не является опубликованным и широко распространяемым
105##$ay###
1222#$ad
035##$aaf30d02a-70ba-46e7-a3c1-29282f9dfa2d
856##$uhttp://readingroom.main.prlib.ru/item.aspx?id_node=n159625254&mode=full
Формат отображения